STN EN 12973 : 2001 hodnotové manažérstvo

Salvato in:
Dettagli Bibliografici
Autore principale: Matejček, Jaroslav
Natura: Libro
Lingua:ceco
Pubblicazione: Bratislava Slovenský ústav technickej normalizácie 2001
Soggetti:
Tags: Aggiungi Tag
Nessun Tag, puoi essere il primo ad aggiungerne!!

MARC

LEADER 00000nam a2200000 4500
001 0142521
005 20240318114103.0
041 0 |a cze 
044 |a SK 
245 1 0 |a STN EN 12973 : 2001  |b hodnotové manažérstvo  |c zpracovatel: Jaroslav Matejček 
264 1 |a Bratislava  |b Slovenský ústav technickej normalizácie  |c 2001 
300 |a 59 s. 
500 |a Táto norma je identická s EN 12973: 2000 v českom jazyku a je vydaná so súhlasom ČSNI a CEN. 
610 2 0 |a manažment 
610 2 0 |a hodnota 
610 2 0 |a riadenie 
100 1 |a Matejček, Jaroslav